Russia’s Reform Failures and Putin’s Future Challenges (Record no. 8511)
[ view plain ]
| 000 -LEADER | |
|---|---|
| fixed length control field | 02040nam a22003137u 4500 |
| 001 - CONTROL NUMBER | |
| control field | pwiiw4448 |
| 003 - CONTROL NUMBER IDENTIFIER | |
| control field | OSt |
| 005 - DATE AND TIME OF LATEST TRANSACTION | |
| control field | 20260517120214.0 |
| 008 - FIXED-LENGTH DATA ELEMENTS--GENERAL INFORMATION | |
| fixed length control field | 180315t2018 au ||||| |||| 00| ||eng d |
| 040 ## - CATALOGING SOURCE | |
| Transcribing agency | OSt |
| 041 ## - LANGUAGE CODE | |
| Language code of text/sound track or separate title | eng |
| 084 ## - OTHER CLASSIFICATION NUMBER | |
| Classification number | E6 |
| -- | F4 |
| -- | O4 |
| -- | O5 |
| Number source | jelc |
| 100 1# - MAIN ENTRY--PERSONAL NAME | |
| Personal name | Havlik, Peter |
| 9 (RLIN) | 4 |
| 245 10 - TITLE STATEMENT | |
| Title | Russia’s Reform Failures and Putin’s Future Challenges |
| 260 ## - PUBLICATION, DISTRIBUTION, ETC. | |
| Place of publication, distribution, etc. | Wien : |
| Name of publisher, distributor, etc. | Wiener Institut für Internationale Wirtschaftsvergleiche (wiiw), |
| Date of publication, distribution, etc. | 2018. |
| 300 ## - PHYSICAL DESCRIPTION | |
| Extent | 17 S., |
| Other physical details | 5 Figures, |
| Dimensions | 30cm. |
| 490 1# - SERIES STATEMENT | |
| Series statement | wiiw Policy Notes and Reports |
| Volume/sequential designation | 20 |
| 520 ## - SUMMARY, ETC. | |
| Summary, etc. | Vladimir Putin’s presidency will last until 2024 – longer than most other Russian or Soviet leaders ruled. This Policy Note provides a brief review of past economic developments and reform attempts. We argue that past reforms have in effect failed yet the main economic challenges currently facing Russia remain essentially the same as two decades ago: excessive dependence on energy, lack of diversification, poor investment climate, corruption, etc. What has changed is the resort to assertive behaviour and inward-looking economic policies which replaced the European integration vector prevalent at the beginning of the 2000s. We argue that without normalisation of external relations, there will be no breakthrough in the vicious circle of sanctions, protectionism, and lack of investments and economic integration. Otherwise, Russia will likely face not only economic stagnation, but even the risk of economically falling behind the peers in the East, South and West – ultimately endangering the social and eventually even political stability at home and in the neighbourhood.<br/> |
| 650 ## - SUBJECT ADDED ENTRY--TOPICAL TERM | |
| Topical term or geographic name entry element | Russia |
| 650 ## - SUBJECT ADDED ENTRY--TOPICAL TERM | |
| Topical term or geographic name entry element | Vladimir Putin |
| 650 ## - SUBJECT ADDED ENTRY--TOPICAL TERM | |
| Topical term or geographic name entry element | economic reforms |
| 650 ## - SUBJECT ADDED ENTRY--TOPICAL TERM | |
| Topical term or geographic name entry element | economic integration |
| 651 ## - SUBJECT ADDED ENTRY--GEOGRAPHIC NAME | |
| Geographic name | Russia |
| 690 ## - LOCAL SUBJECT ADDED ENTRY--TOPICAL TERM (OCLC, RLIN) | |
| Topical term or geographic name as entry element | Macroeconomic Analysis and Policy |
| 690 ## - LOCAL SUBJECT ADDED ENTRY--TOPICAL TERM (OCLC, RLIN) | |
| Topical term or geographic name as entry element | International Trade, Competitiveness and FDI |
| 830 #0 - SERIES ADDED ENTRY--UNIFORM TITLE | |
| Volume/sequential designation | 20 |
| Bibliographic record control number | WIIW0000092 |
| Title of a work | wiiw Policy Notes and Reports |
| 856 40 - ELECTRONIC LOCATION AND ACCESS | |
| Uniform Resource Identifier | <a href="https://wiiw.ac.at/p-4448.html">https://wiiw.ac.at/p-4448.html</a> |
| 942 ## - ADDED ENTRY ELEMENTS (KOHA) | |
| Koha item type | Paper |
| Withdrawn status | Lost status | Damaged status | Not for loan | Home library | Current library | Shelving location | Date acquired | Inventory number | Total Checkouts | Full call number | Barcode | Date last seen | Price effective from | Koha item type |
|---|---|---|---|---|---|---|---|---|---|---|---|---|---|---|
| WIIW | WIIW | Library | 03/15/2018 | pwiiw4448 | /20 | 1000010004448 | 03/15/2018 | 07/19/2018 | Paper |
